000 nam a22 7a 4500
999 _c52418
_d52418
003 OSt
005 20220622145247.0
008 220622b xxu||||| |||| 00| 0 eng d
040 _cIIMT UNIVERSITY MEERUT
100 _aSHARMA , NITIN
245 _aRESEARCH METHODOLOGY AND MEDICAL STATISTICS
250 _a1 ST
260 _aVARANASI
_bCHAUKHAMBA
_c2021
300 _a228
942 _2ddc
_c01